Loading...
Literature - World/Other Literature | 0 | 3 | 0 | 0 | 30 | 75 | 115.33 | 1 | 1 |
Literature - American Literature | 0 | 3 | 0 | 0 | 30 | 88 | 99.33 | 0 | 0 |
History - Other History | 0 | 2 | 0 | 0 | 20 | 124 | 126.50 | 0 | 0 |
History - World History | 0 | 2 | 0 | 0 | 20 | 91 | 109.00 | 0 | 1 |
Fine Arts - Visual Fine Arts | 0 | 2 | 0 | 1 | 20 | 106 | 125.00 | 0 | 0 |
History - American History | 0 | 2 | 0 | 0 | 20 | 99 | 101.50 | 0 | 0 |
Philosophy | 0 | 2 | 0 | 1 | 20 | 118 | 119.50 | 0 | 0 |
Literature - European Literature | 0 | 1 | 0 | 0 | 10 | 129 | 129.00 | 0 | 0 |
Geography/Current Events | 0 | 1 | 0 | 1 | 10 | 120 | 120.00 | 0 | 0 |
Science - Other Science | 0 | 1 | 0 | 0 | 10 | 99 | 99.00 | 0 | 1 |
Literature - British Literature | 0 | 1 | 1 | 0 | 5 | 131 | 131.00 | 0 | 0 |
History - European History | 0 | 0 | 0 | 0 | 0 | 0.00 | 0 | 0 |